|
|
|
|
| LEADER |
01544nam a2200385 i 4500 |
| 001 |
EBC5987177 |
| 003 |
MiAaPQ |
| 005 |
20191219120028.0 |
| 006 |
m o d | |
| 007 |
cr cnu|||||||| |
| 008 |
191219s2019 sa o 000 0 eng d |
| 020 |
|
|
|z 9781869228125
|
| 020 |
|
|
|a 9781869228132 (e-book)
|
| 035 |
|
|
|a (MiAaPQ)EBC5987177
|
| 035 |
|
|
|a (Au-PeEL)EBL5987177
|
| 035 |
|
|
|a (OCoLC)1134076088
|
| 040 |
|
|
|a MiAaPQ
|b eng
|e rda
|e pn
|c MiAaPQ
|d MiAaPQ
|
| 050 |
|
4 |
|a LB2806
|b .V36 2019
|
| 082 |
0 |
|
|a 371.207
|2 23
|
| 100 |
1 |
|
|a Van der, Letitia,
|e author.
|
| 245 |
1 |
0 |
|a Learning in a disruptive age :
|b digital strategies and insights /
|c Letitia van der, Graham Wolfson.
|
| 264 |
|
1 |
|a Randburg :
|b KR Publishing,
|c [2019]
|
| 264 |
|
4 |
|c 2019
|
| 300 |
|
|
|a 1 online resource (128 pages)
|
| 336 |
|
|
|a text
|b txt
|2 rdacontent
|
| 337 |
|
|
|a computer
|b c
|2 rdamedia
|
| 338 |
|
|
|a online resource
|b cr
|2 rdacarrier
|
| 588 |
|
|
|a Description based on print version record.
|
| 590 |
|
|
|a Electronic reproduction. Ann Arbor, MI : ProQuest, 2018. Available via World Wide Web. Access may be limited to ProQuest affiliated libraries.
|
| 650 |
|
0 |
|a Educational change.
|
| 655 |
|
4 |
|a Electronic books.
|
| 700 |
1 |
|
|a Wolfson, Graham,
|e author.
|
| 776 |
0 |
8 |
|i Print version:
|a Van der, Letitia.
|t Learning in a disruptive age : digital strategies and insights.
|d Randburg : KR Publishing, c2019
|h 128 pages
|z 9781869228125
|
| 797 |
2 |
|
|a ProQuest (Firm)
|
| 856 |
4 |
0 |
|u https://ebookcentral.proquest.com/lib/matrademy/detail.action?docID=5987177
|z Click to View
|